Регионална библиотека "Любен Каравелов" - Русе

Изгубената Динотопия (Запис номер 33040)

MARC детайли
000 -Лидер
Контролно поле с фиксирана дължина 01208nam a2200313 c 4500
003 - Код на организацията, давaща контролен номер
Контролно поле BLK
005 - Дата и час на последна редакция
Контролно поле 20180422100151.0
008 - Елементи от данни с фиксирана дължина
fixed length control field 180408b bul|||||r ||||||| ||bul||
010 ## - Наследен системен номер
LC control number KNG00035723000
020 ## - Международен стандартен номер на книга ISBN
Международен стандартен номер на книга ISBN 954-657-370-1
-- издат.: Пан
040 ## - Източник на каталожния запис
Идентификатор на билиотеката - собственик на записа BLK
041 ## - Код за език
Код за езика на текст/звукозапис или на отделно заглавие Български
Код за езика КДБФ Български
080 ## - УДК
Текстов определител УДК Американска литература (на САЩ)
УДК код - определител по УДК 821.111(73)
УДК определител -93-312.9
УДК - код + определител 821.111(73)-93-312.9
100 1# - Редна дума - Автор
Автор Фостър, Алън Дийн
Авторска отговорност първи автор
R(LIN) 272697
139 ## - Редно поле
Редна дума Фостър, Алън Дийн
Авторски знак Фос - Ф 73
245 10 - Сведения за заглавието
Заглавие Изгубената Динотопия
Подзаглавни данни Роман
Редно поле (дума) Алън Дийн Фостър; прев. Ивайла Русева Божанова.
257 ## - Страна на издаване
Страна на създаване/издаване Съединени американски щати
260 ## - Област на издателските данни
-- София
Име на издателя, разпространителя и проч. Пан
Година на издаване 2001
Печатница София : Балкан прес
300 ## - Физическа характеристика
Страници 399 с.
Размери/Мащаб 20 см
380 ## - Жанр
Жанр Детска худож. лит.
490 1# - СЕРИИ (Колекции)
Име на серия Съвременни детски романи
№: серия 7
500 ## - Общи забележки
Забележка Ориг. загл. Dinotopia lost / Alan Dean Foster.
700 1# - Други автори (авторска отговорност)
Лично име Божанова, Ивайла Русева
Автороска отговорност (Описва отношението между автора и произведението) прев.
9 (RLIN) 365268
852 ## - Местоположение
Форматна сигнатура Цб 208317
856 4# - Електронен адрес и достъп
Електронен формат pdf - файл
Път до файла /url/
856 4# - Електронен адрес и достъп
Електронен формат pdf - файл
Път до файла /url/
942 ## - АРТИКУЛИ
Вид на библиотечния материал Книги
Скрит в OPAC Не
944 ## - СЪЗДАВАНЕ И РЕДАКЦИЯ на ЗАПИСА
Създаване/Редакция Създаване
Дата на регистрацията/редакция 15.01.2003
Служител, извършил регистрацията/редакцията Геновева_Генчева
944 ## - СЪЗДАВАНЕ И РЕДАКЦИЯ на ЗАПИСА
Създаване/Редакция Редакция
Дата на регистрацията/редакция 13.01.2004
Служител, извършил регистрацията/редакцията
999 ## - СИСТЕМНИ КОНТРОЛНИ НОМЕРА
Koha biblionumber 33040
Koha biblioitemnumber 33040
Наличности
Код за отписване Код за изгубен артикул Източник на класификационната схема Код за повреда Коз за рестрикции Код за отдаване Артикулен № Име на библиотеката - собственик Име на библиотеката, в която се намира в момента Статус (Текущо местоположение) Дата на вписване в системата Местоположение - отдел Цена в лева Инвентарен номер Систематично азбучна сигнатура Баркод Номер на екземпляра Цена в евро Служебна бележка Служебен тип на артикула
Изтеглен Не е изгубен Universal Decimal Classification Не е повреден без рестрикции заемане за дома 52787 Регионална библиотека "Любен Каравелов" Русе Регионална библиотека "Любен Каравелов" Русе Детски отдел 2001-01-01 Детски отдел 5.90 663307 Д 820/899/Ф73-А 663307 1 3.02 Дост: Pk Вид: Ф N: стар фонд Дата: 01.01.2001 Дата инв: 11.08.2015 Бележки инв: Д2015 Книги
  Не е изгубен   Не е повреден без рестрикции ползва се в читалня 52788 Регионална библиотека "Любен Каравелов" Русе Регионална библиотека "Любен Каравелов" Русе Хранилище 2003-10-31 Хранилище 5.90 120000679555 Цб 208317 120000679555 2 3.02 Дост: Dp Вид: Д N: 45 Дата: 30.10.2002 Книги
Vip Innovations Ltd, Rousse, Bulgaria 2025